000 00297nam a22001337a 4500
008 170215b xxu||||| |||| 00| 0 eng d
020 _a9780062701497
041 _aeng
080 _a61
100 _a4
101 _aSHM
245 _aJOHNS HOPKIS FAMILY HEALTH BOOK
_cHOPKINS, J
942 _2udc
_cBK
999 _c5500
_d5500